<?xml version="1.0" encoding="UTF-8"?>
<collection xmlns="http://www.loc.gov/MARC21/slim">
 <record>
  <leader>00485pamaa2200157   4500</leader>
  <controlfield tag="001">0000041191</controlfield>
  <controlfield tag="005">20061213090000.0</controlfield>
  <datafield tag="020" ind1="0" ind2="0">
   <subfield code="a">1843909685 (pbk) </subfield>
  </datafield>
  <datafield tag="082" ind1=" " ind2=" ">
   <subfield code="a">657.45 CAT</subfield>
  </datafield>
  <datafield tag="090" ind1="0" ind2="0">
   <subfield code="a">HF5667 </subfield>
   <subfield code="b">CAT 2006</subfield>
  </datafield>
  <datafield tag="245" ind1="0" ind2="0">
   <subfield code="a">CAT Implementing audit procedures Paper 8 INT (International) : </subfield>
   <subfield code="b">study text 2006 / 2007.</subfield>
  </datafield>
  <datafield tag="260" ind1="0" ind2="0">
   <subfield code="a">Berkshire: </subfield>
   <subfield code="b">Kaplan Publishing Foulks Lynch, </subfield>
   <subfield code="c">2006.</subfield>
  </datafield>
  <datafield tag="300" ind1=" " ind2=" ">
   <subfield code="a">xii, 394p.; </subfield>
   <subfield code="c">29cm.</subfield>
  </datafield>
  <datafield tag="440" ind1="0" ind2="0">
   <subfield code="a">2006/2007</subfield>
  </datafield>
  <datafield tag="650" ind1="0" ind2="0">
   <subfield code="a">Auditing </subfield>
  </datafield>
  <datafield tag="901" ind1=" " ind2=" ">
   <subfield code="u">http://www.kaplanfoulkslynch.com</subfield>
  </datafield>
 </record>
</collection>
